[Event "LSS SD-2010-0-00059"]
[White "Mosatidis, Theodorus"]
[Black "Neumann, Ulrich"]
[Site "LSS email"]
[Round "?"]
[Result "1-0"]
[Date "2010.06.10"]
[WhiteElo "1612"]
[BlackElo "1499"]
[PlyCount "55"]
[EventDate "2010.04.25"]
[EventType "tourn (corr)"]
[EventRounds "6"]
[EventCountry "GER"]
[SourceTitle "Telechess CBM 141"]
[Source "ChessBase"]
[SourceDate "2011.03.17"]
[SourceVersion "1"]
[SourceVersionDate "2011.03.17"]
[SourceQuality "1"]

1. e4 c5 2. Nf3 d6 3. d4 cxd4 4. Nxd4 Nf6 5. Nc3 a6 6. Be3 e6 7. f3 b5 8. Qd2 Bb7 9. g4 e5 10. Nb3 h6 11. 0-0-0 Nbd7 12. a3 Qc7 13. h4 Nc5 14. Bh3 Nxb3+ 15. cxb3 d5 16. g5 Nxe4 17. fxe4 d4 18. g6 fxg6 19. Qg2 g5 20. hxg5 Bxa3 21. Kb1 dxc3 22. Bd7+ Kd8 23. Bg4+ Bd6 24. Rxd6+ Qxd6 25. Rd1 Kc7 26. Rxd6 Kxd6 27. Qc2 Raf8 28. Qd3+ 1-0

[Event "LSS SD-2010-0-00057"]
[White "Mosatidis, Theodorus"]
[Black "Morau, Jose Roberto"]
[Site "LSS email"]
[Round "?"]
[Result "1-0"]
[Date "2010.05.15"]
[WhiteElo "1657"]
[BlackElo "1509"]
[PlyCount "119"]
[EventDate "2010.03.29"]
[EventType "tourn (corr)"]
[EventRounds "6"]
[EventCountry "GER"]
[SourceTitle "Telechess CBM 141"]
[Source "ChessBase"]
[SourceDate "2011.03.17"]
[SourceVersion "1"]
[SourceVersionDate "2011.03.17"]
[SourceQuality "1"]

1. e4 e5 2. Nf3 Nf6 3. Nxe5 Qe7 4. d4 d6 5. Nf3 Qxe4+ 6. Be2 Be7 7. 0-0 0-0 8. Re1 Qg4 9. Ne5 Qf5 10. g4 Qe6 11. Bc4 d5 12. Ng6 fxg6 13. Rxe6 Bxe6 14. Qe2 Kf7 15. Bb3 Nc6 16. Be3 Na5 17. f3 c6 18. Bf4 Rae8 19. Bc7 Nxb3 20. axb3 a6 21. Nc3 g5 22. Qd2 Bc8 23. Qxg5 Kg8 24. Qd2 Nd7 25. Kg2 Rf7 26. Bg3 Nf8 27. Re1 Be6 28. Na4 g5 29. Nc5 Bc8 30. h4 Ng6 31. hxg5 Ref8 32. Qe3 Rxf3 33. Qxf3 Rxf3 34. Kxf3 b6 35. Na4 b5 36. Nb6 Bb7 37. Nd7 Bc8 38. Nb8 Bb7 39. Nxa6 Bxa6 40. Ra1 Bb7 41. Ra7 Bxg5 42. Rxb7 Bc1 43. Rc7 Bxb2 44. Ke3 Nf8 45. Rxc6 Nd7 46. Rd6 b4 47. Rxd7 Bc1+ 48. Kd3 Bh6 49. Rxd5 Kf7 50. Rd7+ Kg6 51. Rd6+ Kg5 52. Bh4+ Kxh4 53. Rxh6+ Kxg4 54. Ke4 Kg5 55. Re6 h5 56. d5 h4 57. d6 h3 58. d7 h2 59. d8Q+ Kg4 60. Rg6+ 1-0

[Event "LSS SD-2010-0-00057"]
[White "Van de Peut, Aart A"]
[Black "Mosatidis, Theodorus"]
[Site "LSS email"]
[Round "?"]
[Result "0-1"]
[Date "2010.05.14"]
[WhiteElo "1407"]
[BlackElo "1603"]
[PlyCount "62"]
[EventDate "2010.03.29"]
[EventType "tourn (corr)"]
[EventRounds "6"]
[EventCountry "GER"]
[SourceTitle "Telechess CBM 141"]
[Source "ChessBase"]
[SourceDate "2011.03.17"]
[SourceVersion "1"]
[SourceVersionDate "2011.03.17"]
[SourceQuality "1"]

1. c4 Nf6 2. Nc3 e5 3. Nf3 Nc6 4. d4 exd4 5. Nxd4 Bb4 6. Bg5 h6 7. Bh4 Bxc3+ 8. bxc3 Ne5 9. f4 Ng6 10. Bxf6 Qxf6 11. g3 0-0 12. Bg2 Rd8 13. e4 Qa6 14. Qd3 d6 15. 0-0 Nf8 16. Nc2 Be6 17. Ne3 Nd7 18. Rf2 Nc5 19. Qd4 Nb3 20. Qd3 Nxa1 21. f5 Bd7 22. Nd5 Rab8 23. Nxc7 Qa3 24. Nd5 b5 25. Qd1 bxc4 26. Qxa1 Rb5 27. Qd1 Qc5 28. f6 Rb2 29. Qf3 Rxa2 30. Ne7+ Kh7 31. Bf1 Bg4 0-1

[Event "LSS SD-2010-0-00057"]
[White "Mosatidis, Theodorus"]
[Black "Tausnev, Bladimir"]
[Site "LSS email"]
[Round "?"]
[Result "1/2-1/2"]
[Date "2010.05.13"]
[WhiteElo "1745"]
[BlackElo "1585"]
[PlyCount "76"]
[EventDate "2010.03.29"]
[EventType "tourn (corr)"]
[EventRounds "6"]
[EventCountry "GER"]
[SourceTitle "Corr 2022"]
[Source "ChessBase"]
[SourceDate "2021.10.24"]
[SourceVersion "1"]
[SourceVersionDate "2021.10.24"]
[SourceQuality "1"]

1. e4 c5 2. Nf3 Nc6 3. d4 cxd4 4. Nxd4 Nf6 5. Nc3 e5 6. Ndb5 d6 7. Bg5 a6 8. Na3 b5 9. Nd5 Be7 10. Bxf6 Bxf6 11. c3 0-0 12. Nc2 Bg5 13. a4 bxa4 14. Rxa4 a5 15. Bc4 Rb8 16. b3 Kh8 17. Nce3 g6 18. h4 Bxh4 19. g3 Bg5 20. f4 exf4 21. gxf4 Bh4+ 22. Kd2 Ne7 23. Qg1 Nxd5 24. Nxd5 h5 25. Qh2 Bf6 26. Nxf6 Qxf6 27. Qg3 Ra8 28. Bd5 Ra7 29. f5 Bb7 30. Qe3 Bxd5 31. Qxa7 Qg5+ 32. Kd3 Bxb3 33. Rg1 Qf4 34. Qd4+ Kg8 35. Rxa5 d5 36. fxg6 dxe4+ 37. Ke2 Bc4+ 38. Kd1 Bb3+ 1/2-1/2

[Event "LSS SD-2010-0-00057"]
[White "Ferluga, Sergio"]
[Black "Mosatidis, Theodorus"]
[Site "LSS email"]
[Round "?"]
[Result "0-1"]
[Date "2010.05.12"]
[WhiteElo "1460"]
[BlackElo "1702"]
[PlyCount "144"]
[EventDate "2010.03.29"]
[EventType "tourn (corr)"]
[EventRounds "6"]
[EventCountry "GER"]
[SourceTitle "Telechess CBM 147"]
[Source "ChessBase"]
[SourceDate "2012.03.16"]
[SourceVersion "1"]
[SourceVersionDate "2012.03.16"]
[SourceQuality "1"]

1. e4 c5 2. g3 Nc6 3. d3 g6 4. Bg2 Bg7 5. f4 d6 6. c3 Nf6 7. Nf3 0-0 8. Qe2 b5 9. 0-0 Rb8 10. Nbd2 Nd7 11. a3 Qb6 12. f5 Qa6 13. Rd1 b4 14. cxb4 cxb4 15. Nc4 Nc5 16. f6 Bxf6 17. Bh6 Nb3 18. Bxf8 Nxa1 19. Bxe7 Bxe7 20. Rxa1 Be6 21. Nfd2 Bf8 22. Kh1 bxa3 23. Rxa3 Qb7 24. Qf1 Qc7 25. Qf4 a5 26. Ra4 Bg7 27. b3 Bc3 28. Bf1 Nd4 29. Nb1 Bb4 30. Nbd2 Bxd2 31. Nxd2 Nxb3 32. Nf3 Rb4 33. Ra3 a4 34. Ng5 Kg7 35. Ra2 Qc1 36. Qxc1 Nxc1 37. Ra3 Bd7 38. Rc3 Rb1 39. Ra3 Nb3 40. Kg2 Rb2+ 41. Kg1 Nd4 42. e5 dxe5 43. Bg2 h6 44. Nf3 Nc2 45. Rc3 a3 46. Rxa3 Nxa3 47. Nxe5 Bb5 48. Be4 f5 49. Bd5 Kf6 50. Nc4 Bxc4 51. dxc4 Rc2 52. c5 Rxc5 53. Bb3 Rb5 54. Ba4 Rb1+ 55. Kg2 Rb2+ 56. Kg1 Nc4 57. Bc6 Ne3 58. Bf3 Rb1+ 59. Kf2 Ng4+ 60. Ke2 Rb2+ 61. Ke1 Rxh2 62. Kd1 Ne5 63. Be2 f4 64. gxf4 Rxe2 65. Kxe2 Nf7 66. Kf3 Kf5 67. Kg3 h5 68. Kf3 h4 69. Ke3 Nd6 70. Kf3 Ne8 71. Ke3 Kg4 72. f5 gxf5 0-1

[Event "LSS BI-2010-P-00022"]
[White "Mosatidis, Theodorus"]
[Black "Broniek, Mariusz Maciej"]
[Site "LSS email"]
[Round "?"]
[Result "1/2-1/2"]
[Date "2010.04.19"]
[WhiteElo "1710"]
[BlackElo "2284"]
[PlyCount "127"]
[EventDate "2010.04.22"]
[EventType "tourn (corr)"]
[EventRounds "10"]
[EventCountry "GER"]
[SourceTitle "Telechess CBM 145"]
[Source "Chessbase"]
[SourceDate "2011.11.11"]
[SourceVersion "1"]
[SourceVersionDate "2011.11.11"]
[SourceQuality "1"]

1. e4 c5 2. Nf3 d6 3. d4 cxd4 4. Nxd4 Nf6 5. Nc3 a6 6. Be3 Ng4 7. Bg5 h6 8. Bh4 g5 9. Bg3 Bg7 10. h3 Ne5 11. f3 Nbc6 12. Bf2 Ng6 13. Qd2 0-0 14. 0-0-0 Qa5 15. Bc4 Bxd4 16. Bxd4 Be6 17. Bd5 Bxd5 18. exd5 Nxd4 19. Qxd4 Rac8 20. h4 gxh4 21. Kb1 Kh7 22. Rxh4 Nxh4 23. Qxh4 Rg8 24. Qxe7 Qc7 25. Qe4+ Rg6 26. g4 Qc4 27. Qe3 a5 28. a4 Kg8 29. Rd3 Kf8 30. b3 Qc5 31. Qd2 Qg1+ 32. Kb2 Qg3 33. Ne4 Qe5+ 34. Rd4 Kg8 35. Qd3 Kf8 36. c3 h5 37. g5 Qh2+ 38. Qd2 Qxd2+ 39. Rxd2 Re8 40. Rh2 Rxe4 41. fxe4 Rxg5 42. c4 b6 43. Kc3 Ke7 44. b4 f5 45. exf5 Rxf5 46. Kd3 Kf6 47. Re2 Rf3+ 48. Kd4 Rf4+ 49. Kc3 h4 50. Re6+ Kg5 51. bxa5 bxa5 52. Rxd6 h3 53. Re6 h2 54. Re5+ Kg4 55. Re1 Rf3+ 56. Kd4 Rh3 57. Rh1 Kf5 58. Kc5 Rh4 59. Kd6 Rxc4 60. Rxh2 Rxa4 61. Rd2 Kf6 62. Rd3 Rb4 63. Kc7 Rc4+ 64. Kd8 1/2-1/2

[Event "LSS BI-2010-P-00022"]
[White "Mosatidis, Theodorus"]
[Black "Muller, Henri Louis"]
[Site "LSS email"]
[Round "?"]
[Result "1-0"]
[Date "2010.04.19"]
[WhiteElo "1710"]
[BlackElo "2062"]
[PlyCount "135"]
[EventDate "2010.04.22"]
[EventType "tourn (corr)"]
[EventRounds "10"]
[EventCountry "GER"]
[SourceTitle "Telechess CBM 145"]
[Source "Chessbase"]
[SourceDate "2011.11.11"]
[SourceVersion "1"]
[SourceVersionDate "2011.11.11"]
[SourceQuality "1"]

1. e4 c5 2. Nf3 d6 3. d4 cxd4 4. Nxd4 Nf6 5. Nc3 a6 6. Be3 e5 7. Nb3 Be6 8. f3 Be7 9. Qd2 0-0 10. 0-0-0 Nbd7 11. g4 b5 12. g5 b4 13. Ne2 Ne8 14. f4 a5 15. f5 a4 16. Nbd4 exd4 17. Nxd4 b3 18. Kb1 bxa2+ 19. Ka1 Nc5 20. fxe6 fxe6 21. Nc6 Qc7 22. Nxe7+ Qxe7 23. Bxc5 dxc5 24. Bc4 Rb8 25. Qd7 Qxg5 26. Rhg1 Qf6 27. Qxe6+ Qxe6 28. Bxe6+ Kh8 29. e5 Nc7 30. Bc4 Rf4 31. Bxa2 g6 32. Rd7 Nb5 33. e6 Re8 34. Bd5 Nd4 35. c3 Nc2+ 36. Ka2 Ne3 37. c4 Rf5 38. h4 Nc2 39. Be4 Nb4+ 40. Ka3 Re5 41. Bd5 Nc2+ 42. Kxa4 Nd4 43. Ka5 Nxe6 44. Rf1 Nf8 45. Rc7 Ne6 46. Bxe6 R5xe6 47. Rff7 Rb8 48. Rxh7+ Kg8 49. Rcg7+ Kf8 50. Ra7 Kg8 51. Rhb7 Rxb7 52. Rxb7 Re2 53. b3 Rb2 54. Rb5 Kf7 55. Kb6 Rh2 56. Rxc5 Rxh4 57. b4 g5 58. Rxg5 Rxc4 59. b5 Ke7 60. Kb7 Kd6 61. b6 Rb4 62. Ka7 Ra4+ 63. Kb8 Ra1 64. b7 Kd7 65. Rg4 Rb1 66. Ra4 Kc6 67. Ra7 Rb2 68. Ka8 1-0

[Event "LSS SD-2010-0-00053"]
[White "Jenneborg, Seved"]
[Black "Mosatidis, Theodorus"]
[Site "LSS email"]
[Round "?"]
[Result "1/2-1/2"]
[Date "2010.03.28"]
[WhiteElo "1610"]
[BlackElo "1535"]
[PlyCount "74"]
[EventDate "2010.01.24"]
[EventType "tourn (corr)"]
[EventRounds "6"]
[EventCountry "GER"]
[SourceTitle "Telechess CBM 141"]
[Source "ChessBase"]
[SourceDate "2011.03.17"]
[SourceVersion "1"]
[SourceVersionDate "2011.03.17"]
[SourceQuality "1"]

1. d4 Nf6 2. c4 e6 3. Nf3 d5 4. Bg5 Be7 5. Nc3 h6 6. Bh4 0-0 7. e3 b6 8. Bd3 Bb7 9. Bxf6 Bxf6 10. cxd5 exd5 11. 0-0 c5 12. Rc1 Re8 13. dxc5 bxc5 14. Qb3 Bc6 15. Bb5 Bxc3 16. bxc3 Qb6 17. c4 Bxb5 18. Qxb5 Nc6 19. Qa4 d4 20. exd4 Nxd4 21. Nxd4 cxd4 22. c5 Qf6 23. Rcd1 Red8 24. Rfe1 Rab8 25. Qc2 Rd5 26. Qc4 Qc6 27. Rxd4 Rxc5 28. Qd3 Rc2 29. a4 Ra2 30. Rd8+ Rxd8 31. Qxd8+ Kh7 32. Qe7 Qc3 33. Rf1 Qc4 34. Qxa7 Rxa4 35. Qe3 Qd5 36. Re1 h5 37. h3 g6 1/2-1/2

[Event "LSS SD-2010-0-00053"]
[White "Mosatidis, Theodorus"]
[Black "Thurrott, Allan"]
[Site "LSS email"]
[Round "?"]
[Result "1/2-1/2"]
[Date "2010.03.28"]
[WhiteElo "1638"]
[BlackElo "1511"]
[PlyCount "86"]
[EventDate "2010.01.24"]
[EventType "tourn (corr)"]
[EventRounds "6"]
[EventCountry "GER"]
[SourceTitle "Telechess CBM 141"]
[Source "ChessBase"]
[SourceDate "2011.03.17"]
[SourceVersion "1"]
[SourceVersionDate "2011.03.17"]
[SourceQuality "1"]

1. e4 e5 2. Nf3 Nc6 3. Bb5 a6 4. Ba4 Nf6 5. 0-0 Be7 6. Re1 b5 7. Bb3 0-0 8. c3 d5 9. exd5 Nxd5 10. Nxe5 Nxe5 11. Rxe5 c6 12. d4 Bd6 13. Re1 Qh4 14. g3 Qh3 15. Be3 Bg4 16. Qd3 f5 17. f4 Rae8 18. Nd2 Kh8 19. Bxd5 cxd5 20. Qf1 Qh5 21. a4 bxa4 22. Rxa4 g5 23. Raa1 Re6 24. fxg5 Rfe8 25. Qf2 f4 26. gxf4 Bh3 27. Kh1 h6 28. Nf3 Bf5 29. Ne5 hxg5 30. Bd2 Be4+ 31. Rxe4 dxe4 32. Rg1 Rf6 33. Qg2 Rg8 34. fxg5 Bxe5 35. dxe5 Rf3 36. c4 Rgf8 37. e6 Re8 38. Re1 Rxe6 39. Be3 a5 40. Qd2 Rf7 41. Qe2 Qh3 42. Qg2 Qh4 43. Rd1 Kg7 1/2-1/2

[Event "LSS SD-2010-0-00053"]
[White "Mosatidis, Theodorus"]
[Black "Metz, Larry R"]
[Site "LSS email"]
[Round "?"]
[Result "1-0"]
[Date "2010.03.26"]
[WhiteElo "1610"]
[BlackElo "1488"]
[PlyCount "75"]
[EventDate "2010.01.24"]
[EventType "tourn (corr)"]
[EventRounds "6"]
[EventCountry "GER"]
[SourceTitle "Telechess CBM 141"]
[Source "ChessBase"]
[SourceDate "2011.03.17"]
[SourceVersion "1"]
[SourceVersionDate "2011.03.17"]
[SourceQuality "1"]

1. e4 e5 2. Nf3 Nc6 3. Bb5 a6 4. Bxc6 dxc6 5. 0-0 Bg4 6. h3 Bxf3 7. Qxf3 Qf6 8. Qc3 Bd6 9. d3 Ne7 10. Be3 0-0 11. Nd2 a5 12. Nc4 b5 13. Nd2 a4 14. Nf3 Qe6 15. b4 Rfd8 16. a3 f6 17. Rfe1 Re8 18. Rac1 Rad8 19. Qb2 Ng6 20. c4 Rf8 21. Qc2 Rfe8 22. d4 exd4 23. Nxd4 Qe5 24. g3 Qxe4 25. Qxe4 Rxe4 26. cxb5 cxb5 27. Nxb5 Rd7 28. Red1 Re8 29. Kg2 Red8 30. Nxd6 cxd6 31. Rd5 Ne7 32. Ra5 d5 33. Rxa4 d4 34. Bd2 Rb8 35. Ra6 Nd5 36. Rcc6 Rbd8 37. a4 d3 38. b5 1-0

[Event "LSS SE-2010-0-00041"]
[White "Billion, Paul"]
[Black "Mosatidis, Theodorus"]
[Site "LSS email"]
[Round "?"]
[Result "0-1"]
[Date "2010.02.24"]
[WhiteElo "1283"]
[BlackElo "1469"]
[PlyCount "34"]
[EventDate "2010.01.09"]
[EventType "tourn (corr)"]
[EventRounds "6"]
[EventCountry "GER"]
[SourceTitle "Corr 2013"]
[Source "ChessBase"]
[SourceDate "2012.11.12"]
[SourceVersion "1"]
[SourceVersionDate "2012.11.12"]
[SourceQuality "1"]
[WhiteTeam "US of America"]
[BlackTeam "US of America"]
[WhiteTeamCountry "USA"]
[BlackTeamCountry "USA"]

1. d4 Nf6 2. c4 g6 3. Nc3 d5 4. Nf3 Bg7 5. e3 0-0 6. Bd2 Nc6 7. Qc2 Bf5 8. Bd3 Nb4 9. Qb3 Nxd3+ 10. Ke2 dxc4 11. Qa3 c6 12. Ne5 Nxe5 13. dxe5 Ng4 14. f4 Qd3+ 15. Ke1 Nxe3 16. Bxe3 Qxe3+ 17. Ne2 Bd3 0-1

[Event "LSS SE-2010-0-00041"]
[White "Mosatidis, Theodorus"]
[Black "Hermansen, Rune"]
[Site "LSS email"]
[Round "?"]
[Result "1-0"]
[Date "2010.02.23"]
[WhiteElo "1476"]
[BlackElo "1329"]
[PlyCount "27"]
[EventDate "2010.01.09"]
[EventType "tourn (corr)"]
[EventRounds "6"]
[EventCountry "GER"]
[SourceTitle "Corr 2013"]
[Source "ChessBase"]
[SourceDate "2012.11.12"]
[SourceVersion "1"]
[SourceVersionDate "2012.11.12"]
[SourceQuality "1"]
[WhiteTeam "US of America"]
[BlackTeam "US of America"]
[WhiteTeamCountry "USA"]
[BlackTeamCountry "USA"]

1. d4 d5 2. c4 e6 3. Nc3 c5 4. cxd5 exd5 5. Nf3 Nf6 6. g3 cxd4 7. Nxd4 Nc6 8. Be3 Bb4 9. Qb3 Bxc3+ 10. Qxc3 Ne4 11. Nxc6 Qd6 12. Qxg7 bxc6 13. Qxh8+ Ke7 14. f3 1-0

[Event "LSS SE-2010-0-00041"]
[White "Mosatidis, Theodorus"]
[Black "Kiryushin, Anatoly"]
[Site "LSS email"]
[Round "?"]
[Result "1/2-1/2"]
[Date "2010.02.22"]
[WhiteElo "1702"]
[BlackElo "1497"]
[PlyCount "40"]
[EventDate "2010.01.09"]
[EventType "tourn (corr)"]
[EventRounds "6"]
[EventCountry "GER"]
[SourceTitle "Telechess CBM 147"]
[Source "ChessBase"]
[SourceDate "2012.03.16"]
[SourceVersion "1"]
[SourceVersionDate "2012.03.16"]
[SourceQuality "1"]

1. d4 Nf6 2. c4 g6 3. Nf3 Bg7 4. Nc3 c5 5. e3 0-0 6. d5 d6 7. Bd3 e6 8. 0-0 exd5 9. cxd5 a6 10. a4 Bg4 11. h3 Bxf3 12. Qxf3 Nbd7 13. Qe2 Re8 14. a5 Rc8 15. Bd2 Ne5 16. Bc2 c4 17. f4 Ned7 18. Ra4 Rc5 19. Rxc4 Rxa5 20. Rb4 Qc8 1/2-1/2

[Event "LSS RE-2009-0-00036"]
[White "Mosatidis, Theodorus"]
[Black "Drobotov, Gennady Sergeevich"]
[Site "LSS email"]
[Round "?"]
[Result "1-0"]
[Date "2010.02.11"]
[WhiteElo "1359"]
[BlackElo "1225"]
[PlyCount "43"]
[EventDate "2009.12.18"]
[EventType "tourn (corr)"]
[EventRounds "6"]
[EventCountry "GER"]
[SourceTitle "Corr 2013"]
[Source "ChessBase"]
[SourceDate "2012.11.12"]
[SourceVersion "1"]
[SourceVersionDate "2012.11.12"]
[SourceQuality "1"]

1. e4 e5 2. Nf3 Nf6 3. Nxe5 d6 4. Nf3 Nxe4 5. d4 d5 6. Bd3 Be7 7. 0-0 0-0 8. c4 Be6 9. cxd5 Bxd5 10. Re1 Nf6 11. Nc3 Nc6 12. Bf4 Be6 13. Qd2 a6 14. Rad1 Bg4 15. Be2 Nb4 16. d5 Bc5 17. Bg5 a5 18. a3 Na6 19. Ne5 Bxe2 20. Rxe2 Be7 21. Ng4 Qd6 22. Bxf6 1-0

[Event "LSS RE-2009-0-00036"]
[White "Molano Lafuente, Ismael"]
[Black "Mosatidis, Theodorus"]
[Site "LSS email"]
[Round "?"]
[Result "0-1"]
[Date "2010.02.08"]
[WhiteElo "1272"]
[BlackElo "1430"]
[PlyCount "56"]
[EventDate "2009.12.18"]
[EventType "tourn (corr)"]
[EventRounds "6"]
[EventCountry "GER"]
[SourceTitle "Corr 2013"]
[Source "ChessBase"]
[SourceDate "2012.11.12"]
[SourceVersion "1"]
[SourceVersionDate "2012.11.12"]
[SourceQuality "1"]

1. d4 d5 2. Nf3 Nf6 3. c4 c6 4. e3 e6 5. Nc3 Nbd7 6. Qc2 Bd6 7. g4 dxc4 8. g5 Nd5 9. Bxc4 e5 10. Bd2 0-0 11. Nxd5 cxd5 12. Bxd5 exd4 13. Be4 dxe3 14. Bxe3 Qa5+ 15. Bd2 Bb4 16. 0-0-0 Bxd2+ 17. Rxd2 g6 18. Kb1 Nb6 19. Qc3 Qxc3 20. bxc3 Re8 21. Rd4 Rxe4 22. Rxe4 Bf5 23. Rhe1 Na4 24. Kc2 Re8 25. Nd2 Nc5 26. f3 Kg7 27. h4 h6 28. Kd1 Nxe4 0-1

[Event "LSS RE-2009-0-00035"]
[White "Richter, Klaus"]
[Black "Mosatidis, Theodorus"]
[Site "LSS email"]
[Round "?"]
[Result "1/2-1/2"]
[Date "2010.01.31"]
[WhiteElo "1364"]
[BlackElo "1359"]
[PlyCount "64"]
[EventDate "2009.11.30"]
[EventType "tourn (corr)"]
[EventRounds "6"]
[EventCountry "GER"]
[SourceTitle "Corr 2013"]
[Source "ChessBase"]
[SourceDate "2012.11.12"]
[SourceVersion "1"]
[SourceVersionDate "2012.11.12"]
[SourceQuality "1"]

1. d4 c6 2. e4 d5 3. Nc3 g6 4. h3 Nf6 5. e5 Nfd7 6. Nf3 Nb6 7. Bd3 Bg7 8. Qe2 Na6 9. Bxa6 bxa6 10. b3 0-0 11. 0-0 a5 12. Bf4 h6 13. Nd1 a4 14. Ne3 Qc7 15. c4 axb3 16. axb3 Be6 17. c5 Nd7 18. Ng4 Bxg4 19. hxg4 e6 20. Ra6 g5 21. Bd2 Rfb8 22. b4 Nf8 23. Rfa1 Rb7 24. R1a5 Nd7 25. Ra2 Re8 26. Qd3 Rc8 27. Qc2 Nb8 28. R6a3 Qe7 29. Ra1 Rcc7 30. Qd3 Qe8 31. Qc2 Qe7 32. Qd3 Qe8 1/2-1/2

[Event "LSS RE-2009-0-00035"]
[White "Mosatidis, Theodorus"]
[Black "Naess, Jan Olav"]
[Site "LSS email"]
[Round "?"]
[Result "1/2-1/2"]
[Date "2010.01.28"]
[WhiteElo "1370"]
[BlackElo "1412"]
[PlyCount "69"]
[EventDate "2009.11.30"]
[EventType "tourn (corr)"]
[EventRounds "6"]
[EventCountry "GER"]
[SourceTitle "Corr 2013"]
[Source "ChessBase"]
[SourceDate "2012.11.12"]
[SourceVersion "1"]
[SourceVersionDate "2012.11.12"]
[SourceQuality "1"]

1. e4 d5 2. exd5 Qxd5 3. Nc3 Qd6 4. d4 Nf6 5. Nf3 a6 6. Bc4 Bg4 7. h3 Bh5 8. Be3 e6 9. Qe2 Nc6 10. 0-0-0 Na5 11. d5 Nxc4 12. Qxc4 b5 13. Qh4 Bxf3 14. gxf3 e5 15. Rhg1 0-0-0 16. Ne4 Nxe4 17. fxe4 Qd7 18. Rd3 f5 19. exf5 Qxf5 20. Rg5 Be7 21. Rxf5 Bxh4 22. Rxe5 Rhf8 23. f4 Rd7 24. Rh5 Bg3 25. Rxh7 Bxf4 26. Bxf4 Rxf4 27. b3 Rf5 28. Kb2 Rfxd5 29. Rxd5 Rxd5 30. Rxg7 Rh5 31. Rg3 Kd7 32. Kc3 c5 33. Kd3 Rh4 34. Ke3 Kd6 35. Kf2 1/2-1/2

[Event "LSS RE-2009-0-00034"]
[White "Mosatidis, Theodorus"]
[Black "Evans, Stanley W"]
[Site "LSS email"]
[Round "?"]
[Result "1-0"]
[Date "2010.01.13"]
[WhiteElo "1436"]
[BlackElo "1249"]
[PlyCount "68"]
[EventDate "2009.11.12"]
[EventType "tourn (corr)"]
[EventRounds "6"]
[EventCountry "GER"]
[SourceTitle "Corr 2013"]
[Source "ChessBase"]
[SourceDate "2012.11.12"]
[SourceVersion "1"]
[SourceVersionDate "2012.11.12"]
[SourceQuality "1"]

1. e4 e5 2. Nf3 Nc6 3. Bb5 a6 4. Ba4 Nf6 5. 0-0 Bc5 6. c3 b5 7. Bb3 d5 8. exd5 Nxd5 9. Nxe5 Nxe5 10. d4 0-0 11. dxc5 Be6 12. f4 Nc4 13. f5 Bc8 14. Bxc4 bxc4 15. Na3 Bb7 16. Nxc4 Qe7 17. Qd4 Rad8 18. Qf2 Qf6 19. Bd2 Rfe8 20. Na5 Bc8 21. c4 Ne7 22. Bf4 c6 23. Bc7 Rd7 24. Bd6 Nxf5 25. Qxf5 Qxf5 26. Rxf5 Rxd6 27. cxd6 Bxf5 28. Nxc6 Bd7 29. Ne7+ Kf8 30. c5 Rxe7 31. dxe7+ Kxe7 32. Rd1 a5 33. Kf2 a4 34. b4 Bb5 1-0

[Event "LSS RE-2009-0-00033"]
[White "Mosatidis, Theodorus"]
[Black "Morcin, Tom"]
[Site "LSS email"]
[Round "?"]
[Result "1/2-1/2"]
[Date "2009.12.25"]
[WhiteElo "1295"]
[BlackElo "1200"]
[PlyCount "57"]
[EventDate "2009.10.26"]
[EventType "tourn (corr)"]
[EventRounds "6"]
[EventCountry "GER"]
[SourceTitle "Telechess CBM 137"]
[Source "ChessBase"]
[SourceDate "2010.07.15"]
[SourceVersion "1"]
[SourceVersionDate "2010.07.15"]
[SourceQuality "1"]

1. e4 e6 2. d4 d5 3. Nc3 Nf6 4. Bg5 dxe4 5. Nxe4 Be7 6. Bxf6 gxf6 7. Nf3 b6 8. Bc4 Bb7 9. Qe2 c6 10. 0-0-0 Qc7 11. Rhe1 Nd7 12. Kb1 0-0-0 13. Ba6 f5 14. Ng3 Qf4 15. Nf1 Qc7 16. c3 Rhg8 17. Bxb7+ Kxb7 18. g3 Bg5 19. N1d2 Bxd2 20. Rxd2 Rg7 21. Rdd1 h5 22. h4 Nf6 23. Ng5 Rd7 24. Nh3 Rg4 25. Qf3 Rg8 26. Nf4 Rh8 27. Qe2 Qd8 28. Rc1 Qf8 29. Nd3 1/2-1/2

[Event "LSS RE-2009-0-00033"]
[White "Rojas Sagredo, Fernando"]
[Black "Mosatidis, Theodorus"]
[Site "LSS email"]
[Round "?"]
[Result "0-1"]
[Date "2009.12.22"]
[WhiteElo "1285"]
[BlackElo "1399"]
[PlyCount "68"]
[EventDate "2009.10.26"]
[EventType "tourn (corr)"]
[EventRounds "6"]
[EventCountry "GER"]
[SourceTitle "Corr 2013"]
[Source "ChessBase"]
[SourceDate "2012.11.12"]
[SourceVersion "1"]
[SourceVersionDate "2012.11.12"]
[SourceQuality "1"]

1. e4 c5 2. Nf3 d6 3. d4 cxd4 4. Nxd4 Nf6 5. Nc3 a6 6. Be2 e5 7. Nb3 Be7 8. Qd3 0-0 9. 0-0 Be6 10. Nd5 Nxd5 11. exd5 Bc8 12. Be3 Nd7 13. a4 f5 14. f4 exf4 15. Bxf4 Bf6 16. c3 Qb6+ 17. Nd4 Nc5 18. Qe3 Qd8 19. Qf3 Re8 20. a5 Qc7 21. Rae1 Bd7 22. Be3 Re5 23. c4 Rae8 24. Ne6 Nxe6 25. dxe6 R8xe6 26. Bb6 Qc6 27. Qd3 Qe4 28. Kf2 Qxd3 29. Bxd3 Rxe1 30. Rxe1 Rxe1 31. Kxe1 Bxb2 32. Ke2 Kf7 33. Ke3 Ke6 34. Bd4 f4+ 0-1

[Event "LSS RE-2009-0-00032"]
[White "Mosatidis, Theodorus"]
[Black "Schnoewitz, Brigitte"]
[Site "LSS email"]
[Round "?"]
[Result "1-0"]
[Date "2009.12.03"]
[WhiteElo "1208"]
[BlackElo "1168"]
[PlyCount "45"]
[EventDate "2009.09.26"]
[EventType "tourn (corr)"]
[EventRounds "6"]
[EventCountry "GER"]
[SourceTitle "Telechess CBM 137"]
[Source "ChessBase"]
[SourceDate "2010.07.15"]
[SourceVersion "1"]
[SourceVersionDate "2010.07.15"]
[SourceQuality "1"]

1. e4 c5 2. Nf3 Nc6 3. d4 cxd4 4. Nxd4 d6 5. Nc3 a6 6. Bc4 e6 7. 0-0 Nf6 8. a4 Ne5 9. Bb3 Be7 10. f4 Ng6 11. f5 Ne5 12. fxe6 0-0 13. exf7+ Nxf7 14. a5 Bd7 15. Nf5 Re8 16. Nxe7+ Qxe7 17. Bg5 Qe5 18. Bxf6 gxf6 19. Nd5 Kg7 20. Nxf6 Re7 21. Nxd7 Rxd7 22. Qg4+ Kf8 23. Qxd7 1-0

[Event "LSS RE-2009-0-00032"]
[White "Babos, Istvan"]
[Black "Mosatidis, Theodorus"]
[Site "LSS email"]
[Round "?"]
[Result "0-1"]
[Date "2009.12.02"]
[WhiteElo "1113"]
[BlackElo "1304"]
[PlyCount "48"]
[EventDate "2009.09.26"]
[EventType "tourn (corr)"]
[EventRounds "6"]
[EventCountry "GER"]
[SourceTitle "Telechess CBM 137"]
[Source "ChessBase"]
[SourceDate "2010.07.15"]
[SourceVersion "1"]
[SourceVersionDate "2010.07.15"]
[SourceQuality "1"]

1. d4 Nf6 2. c4 g6 3. e3 Bg7 4. Nf3 d6 5. g3 0-0 6. Bg2 c5 7. 0-0 Nc6 8. Nc3 a6 9. Re1 Bg4 10. a3 Nd7 11. Bd2 cxd4 12. exd4 Nxd4 13. b4 Ne5 14. Bf4 Nexf3+ 15. Bxf3 Nxf3+ 16. Kg2 Nh4+ 17. Kg1 Bxd1 18. Rexd1 Bxc3 19. c5 Bxa1 20. Rxa1 Nf3+ 21. Kg2 dxc5 22. Kxf3 Qd5+ 23. Ke2 Qc4+ 24. Kd1 Qf1+ 0-1